000 00379cam a2200169 4500
001 D13632
008 090401t1890 xxu||||| |||| 00| 0 eng d
035 _a(Sirsi) u10912
041 _aeng
100 _aPocock, W.A.
245 _aOutlines of compensation law
260 _bEstates Gazette
_c1890
350 _a0
520 _aShelf 133
942 _n0
948 _c04/03/1997
999 _c86782
_d86782